Kỷ yếu của Quốc hội khóa X - Kỳ họp thứ sáu (Từ ngày 18 - 11 đến ngày 21 - 12 - 1999) : (Lưu hành nội bộ)

Tại liệu ghi lại toàn bộ nội dung của kỳ họp thứ 6 quốc hội khóa 10 của quốc hội nước Cộng hoà xã hội chủ nghĩa Việt Nam diễn ra từ ngày 18 - 11 đến ngày 21 - 12 - 1999. Nội dung cuốn sách gồm biên bản tóm tắt của kỳ họp, các báo cáo và...

詳細記述

保存先:
書誌詳細
団体著者: Quốc hội Nước Cộng hòa Xã hội Chủ nghĩa Việt Nam
フォーマット: 図書
言語:Undetermined
出版事項: Hà Nội Văn phòng Quốc hội 2000
主題:
タグ: タグ追加
タグなし, このレコードへの初めてのタグを付けませんか!
Thư viện lưu trữ: Trung tâm Học liệu Trường Đại học Cần Thơ
LEADER 01372nam a2200229Ia 4500
001 CTU_155808
008 210402s9999 xx 000 0 und d
082 |a 328.597 
082 |b Qu451/T.6 
110 |a Quốc hội Nước Cộng hòa Xã hội Chủ nghĩa Việt Nam 
245 0 |a Kỷ yếu của Quốc hội khóa X - Kỳ họp thứ sáu (Từ ngày 18 - 11 đến ngày 21 - 12 - 1999) : 
245 0 |b (Lưu hành nội bộ) 
245 0 |c Quốc hội Nước Cộng hòa Xã hội Chủ nghĩa Việt Nam 
260 |a Hà Nội 
260 |b Văn phòng Quốc hội 
260 |c 2000 
520 |a Tại liệu ghi lại toàn bộ nội dung của kỳ họp thứ 6 quốc hội khóa 10 của quốc hội nước Cộng hoà xã hội chủ nghĩa Việt Nam diễn ra từ ngày 18 - 11 đến ngày 21 - 12 - 1999. Nội dung cuốn sách gồm biên bản tóm tắt của kỳ họp, các báo cáo và tờ trình. Sách cũng đăng tải các luật và nghị quyết đã được thông qua tại kỳ họp. 
650 |a Legislative bodies,Legisslative reporting 
650 |x Rules and practice 
650 |z Viet Nam 
904 |i Giang 
980 |a Trung tâm Học liệu Trường Đại học Cần Thơ